书目信息 |
| 题名: |
老照片
|
|
| 作者: | 冯克力 主编 | |
| 分册: | 拾壹 | |
| 出版信息: | 济南 山东画报出版社 2019.5 |
|
| 页数: | 1册 | |
| 开本: | 21cm | |
| 丛书名: | ||
| 单 册: | ||
| 中图分类: | K106 , K260.6 | |
| 科图分类: | ||
| 主题词: | 世界史--shi jie shi--史料 , 中国历史--zhong guo li shi--现代史--史料 | |
| 电子资源: | ||
| ISBN: | 978-7-5474-3117-7 | |
| 000 | 00969nam0 2200289 450 | |
| 001 | 2133112654 | |
| 005 | 20211026095154.58 | |
| 010 | @a978-7-5474-3117-7@b精装@dCNY149.00(全20册2980.00) | |
| 100 | @a20190730d2019 em y0chiy50 ea | |
| 101 | 0 | @achi |
| 102 | @aCN@b370000 | |
| 105 | @aa z 000yy | |
| 106 | @ar | |
| 200 | 1 | @a老照片@Alao zhao pian@e典藏本@h拾壹@f冯克力主编 |
| 210 | @a济南@c山东画报出版社@d2019.5 | |
| 215 | @a1册@c图@d21cm | |
| 304 | @a200字段信息取自封面 | |
| 312 | @a英文共同题名:Old photos | |
| 330 | @a本书由1-100辑《老照片》精装合订而成,共20册,每册收录5辑,汇集了各种历史照片逾万幅、相关文字信息千余万言,记录了百多年来中国人的生存与发展。 | |
| 510 | 1 | @aOld photos@zeng |
| 606 | 0 | @a世界史@Ashi jie shi@j史料 |
| 606 | 0 | @a中国历史@Azhong guo li shi@x现代史@j史料 |
| 690 | @aK106@v5 | |
| 690 | @aK260.6@v5 | |
| 701 | 0 | @a冯克力@Afeng ke li@4主编 |
| 801 | 0 | @aCN@b百万庄@c20211025 |
| 905 | @b1312316-17@dK106@e344:11@f2 | |
| 老照片:典藏本.拾壹/冯克力主编.-济南:山东画报出版社,2019.5 |
| 1册:图;21cm |
| ISBN 978-7-5474-3117-7(精装):CNY149.00(全20册2980.00) |
| 本书由1-100辑《老照片》精装合订而成,共20册,每册收录5辑,汇集了各种历史照片逾万幅、相关文字信息千余万言,记录了百多年来中国人的生存与发展。 |
| ● |
| 相关链接 |
|
|
|
|
正题名:老照片
索取号:K106/344:11
 
预约/预借
| 序号 | 登录号 | 条形码 | 馆藏地/架位号 | 状态 | 备注 |
| 1 | 1312316 | 213123163 | 第二样本阅览室/ [索取号:K106/344:11] | 在馆 | |
| 2 | 1312317 | 213123172 | 第二借阅区/ [索取号:K106/344:11] | 在馆 |